| 000 | 00467pab a2200169 454500 | ||
|---|---|---|---|
| 008 | 180718b2005 xxu||||| |||| 00| 0 eng d | ||
| 100 | _aFouarge, Didies | ||
| 245 | _aWelfare regimes and poverty dynamics: the duration and recurrence of poverty spells in Europe | ||
| 260 | _c2005 | ||
| 300 | _ap.407-26. | ||
| 362 | _aJul | ||
| 650 | _aPoverty - Europe | ||
| 650 | _aPoverty | ||
| 700 | _aLayte, Richard | ||
| 773 | _aJournal of Social Policy | ||
| 909 | _a66579 | ||
| 999 |
_c66579 _d66579 |
||